আমাদের মুক্তিযুদ্ধ / (Record no. 8848)
[ view plain ]
| 000 -LEADER | |
|---|---|
| fixed length control field | 00913nam a2200277 a 4500 |
| 001 - CONTROL NUMBER | |
| control field | 8848 |
| 003 - CONTROL NUMBER IDENTIFIER | |
| control field | BD-DhEWU |
| 005 - DATE AND TIME OF LATEST TRANSACTION | |
| control field | 20190224103052.0 |
| 008 - FIXED-LENGTH DATA ELEMENTS--GENERAL INFORMATION | |
| fixed length control field | 190224s2011 bg a g 000 0 ben d |
| 020 ## - INTERNATIONAL STANDARD BOOK NUMBER | |
| International Standard Book Number | 9847029700617 |
| 040 ## - CATALOGING SOURCE | |
| Original cataloging agency | BD-DhEWU |
| Modifying agency | BD-DhEWU |
| Language of cataloging | ben |
| Transcribing agency | BD-DhEWU |
| 041 ## - LANGUAGE CODE | |
| Language code of text/sound track or separate title | ben |
| 082 04 - DEWEY DECIMAL CLASSIFICATION NUMBER | |
| Classification number | 954.92051 |
| Item number | MAA 2011 |
| 100 1# - MAIN ENTRY--PERSONAL NAME | |
| Personal name | মামুন, মুনতাসির. |
| Miscellaneous information | Muntasir Mamun. |
| 9 (RLIN) | 24114 |
| 245 #0 - TITLE STATEMENT | |
| Title | আমাদের মুক্তিযুদ্ধ / |
| Statement of responsibility, etc | মুনতাসির মামুন. |
| 246 ## - VARYING FORM OF TITLE | |
| Title proper/short title | Amader Muktijuddha. |
| 260 ## - PUBLICATION, DISTRIBUTION, ETC. (IMPRINT) | |
| Place of publication, distribution, etc | Dhaka : |
| Name of publisher, distributor, etc | Subarna, |
| Date of publication, distribution, etc | 2011. |
| 300 ## - PHYSICAL DESCRIPTION | |
| Extent | 40 p. : |
| Other physical details | ills. ; |
| Dimensions | 22 cm |
| 526 ## - STUDY PROGRAM INFORMATION NOTE | |
| Program name | Library |
| 590 ## - LOCAL NOTE (RLIN) | |
| Local note | NEWAZ |
| 650 #0 - SUBJECT ADDED ENTRY--TOPICAL TERM | |
| Topical term or geographic name as entry element | Bangladesh -- Politics and government. |
| 9 (RLIN) | 24116 |
| Topical term or geographic name as entry element | Liberation War |
| Geographic subdivision | Bangladesh |
| 9 (RLIN) | 24130 |
| 653 1# - INDEX TERM--UNCONTROLLED | |
| Uncontrolled term | মুক্তিযুদ্ধ -- বাংলাদেশ |
| 942 ## - ADDED ENTRY ELEMENTS (KOHA) | |
| Koha item type | Text |
| Source of classification or shelving scheme | Dewey Decimal Classification |
| Withdrawn status | Lost status | Source of classification or shelving scheme | Damaged status | Not for loan | Collection code | Home library | Current library | Shelving location | Date acquired | Source of acquisition | Total Checkouts | Full call number | Barcode | Date last seen | Price effective from | Koha item type | Copy number |
|---|---|---|---|---|---|---|---|---|---|---|---|---|---|---|---|---|---|
| Dewey Decimal Classification | Not For Loan | Non-fiction | Dr. S. R. Lasker Library, EWU | Dr. S. R. Lasker Library, EWU | Freedom Fighter Corner | 19/02/2020 | Ministry of Liberation War Affairs | 954.92051 MAA 2011 | 29753 | 24/02/2019 | 24/02/2019 | Text | |||||
| Dewey Decimal Classification | Non-fiction | Dr. S. R. Lasker Library, EWU | Dr. S. R. Lasker Library, EWU | Library annex | 10/02/2021 | Ministry of Liberation War Affairs | 954.92051 MAA 2011 | 30482 | 02/09/2021 | 02/09/2021 | Text | C-2 | |||||
| Dewey Decimal Classification | Non-fiction | Dr. S. R. Lasker Library, EWU | Dr. S. R. Lasker Library, EWU | Library annex | 10/02/2021 | Ministry of Liberation War Affairs | 954.92051 MAA 2011 | 30483 | 02/09/2021 | 02/09/2021 | Text | C-3 |